Länder, die einen Buchstaben enthalten - TT+ - Statistiken

Allgemein
  • Dieses Quiz wurde 496 mal gespielt
  • Das Durchschnittsergebnis liegt bei 7 aus 12
Antwortstatistiken
Hinweis Land % Korrekt
3 x T Vereinigte Staaten
81%
2 x T Turkmenistan
78%
2 x T Tadschikistan
76%
2 x T Trinidad und Tobago
75%
2 x T Lettland
69%
2 x T Vereinigte Arabische Emirate
67%
3 x T St. Kitts und Nevis
63%
2 x T St. Vincent und die Grenadinen
60%
3 x T Föderierte Staaten von Mikronesien
48%
2 x T Liechtenstein
34%
3 x T Vatikanstadt
34%
2 x T Osttimor
32%
Keine übereinstimmenden Quizze gefunden
Verteilung der Resultate
Anzahl Personen mit jedem Resultat
Perzentil nach korrekt beantworteten Fragen
Ihre Resultats-Entwicklung
Sie haben dieses Quiz noch nicht gespielt